000 00604nam a2200229Ia 4500
005 20260429112031.0
008 260429s9999||||xx |||||||||||||| ||und||
020 _a9781032191690
041 _aEnglish
082 _a809.93552
_bADA
100 _aAdair, Gigi
245 0 _aRoutledge companion to migration literature /
_cGigi Adair
250 _a1st ed.
260 _aUnited Kingdom :
_bRoutledge,
_c2025.
300 _axviii, 571 p.; hb
650 _a Emigration
650 _a History
650 _aLiterature
700 _a Fasselt, Rebecca
700 _a Mclaughlin, Carly
942 _cTB
999 _c52000
_d52000